000 00409nam a2200169Ia 4500
008 230524s9999 xx 000 0 und d
020 _a8177000349
082 _a621.395
_bCHA
100 _aP.Chakrabarti
245 0 _aAnalog Communication Systems
250 _a3RD
260 _aNEW DELHI
_bDhanpat Rai
_c2006
300 _aXI;526
500 _aQuantity Number: 12
650 _aElectronics
942 _cBK
999 _c4110
_d4110